Statistiques concernant Culture Générale - Série 1513

Cliquez ici pour prendre le quiz!

Statistiques générales

  • Ce quiz a été pris 144 fois
  • Le résultat moyen est 7 sur 10

Statistiques - réponses

QuestionRéponse% Correct
Le "Jolly Roger" est le pavillon noir des pirates, sur lequel est dessinée une tête de...mort
98%
Quel mot, dérivé du latin "cancer", désigne un élève paresseux et très mauvais ?cancre
96%
Quelle ville d'Allemagne a donné son nom au hamburger ?Hambourg
93%
Dans une salle de bains, quelle cuvette basse sur pieds, servant à la toilette intime, porte le nom d'un petit cheval de selle ?bidet
89%
En 1953, à qui Nikita Khrouchtchev a-t-il succédé au poste de premier secrétaire du Parti communiste d'U.R.S.S. ?Joseph Staline
76%
Dans les aventures de "Lucky Luke", lequel des frères Dalton est le plus grand et le plus bête ?Averell
73%
En France, en quelle année a été votée la loi de séparation de l'Église et de l'État ?1905
63%
Quel chanteur français était surnommé "Monsieur 100.000 volts" ?Gilbert Bécaud
60%
Sur quelle île le volcan Mauna Kea se dresse-t-il à plus de 4 200 m au-dessus du Pacifique ?Hawaii
31%
Quel mot désigne à la fois un chat à neuf queues et un oiseau proche de l'hirondelle ?martinet
29%

Distribution des résultats

Percentile par nombre de réponses

% des personnes avec chaque résultat

Votre développement - résultats

Vous n’avez pas pris ce quiz